02243nam a22003257a 4500003000900000008004100009040007100050082002500121110005500146245006800201260003100269300002900300440006600329505110800395650002201503650002001525650001801545650002401563650003801587650002601625650002901651650002001680700002401700700003201724700002501756700002701781700003001808700002401838710005501862AR-CdUCM190425b ||||| |||| 00| 0 spa d aMUNICIPALIDAD PROVINCIAL DEL CUSCOcBIBLIOTECA MUNICIPAL DEL CUSCO aRev.Univ/N°118/1960 aUniversidad Nacional de San Antonio Abad del Cusco aRevista Universitaria :bÓrgano de la Universidad del Cuzco / aCusco :bGarcilaso,c1960. a306 páginas. :c20 cm. aRevista UniversitarianAño XLIX, 1° semestre 1960, N°118. aContenido: Bosquejo de una antropología filosófica. Humberto Vidal Unda. -- Información de méritos del Obispo Moscoso. Daniel Valcarcel. -- La Universidad Nacional de San Simón del Cuzco. Horacio Villanueva Urteaga. -- El indígena peruano en las Bellas Artes Virreinales. Emilio Harth Terre. -- Sentido creador de la Universidad. Carlos Ferdinad Cuadros. -- El proceso de reconstrucción del Cuzco y la legislación vigente. Ernesto Valdivia Pezo. -- Una correlación entre el sobrecruzamiento citológico y el genético en Zea Mays. Creighton. -- Ornithological Reconnaisance of departamento Madre de Dios Perú. Emmert Blake. -- Relaciones de trabajo entre el patrón y los colonos en los fundos de la provincia de Paucartambo. Gustavo Palacio Pimentel. -- Investigación sobre las características de resistencia de nuestras maderas regionales. Eduardo Marmanillo. -- Apuntes para una reforma agraria en el departamento de Puno. Florencio Díaz Bedregal. -- Colección de autores cuzqueños. Narciso Aréstegui. El padre Horán escenas de la vida del Cuzco. Tomo V y final.  aObispos del Cusco aArte cusqueño aArte colonial aArtistas coloniales aUniversidad San Simón del Cusco aLiteratura cusqueña aLatifundismo Paucartambo aReforma agraria aValcárcel, Daniel aVillanueva Urteaga, Horacio aVidal Unda, Humberto aValdivia Pezo, Ernesto aPalacio Pimentel, Gustavo aHarth Terre, Emilio aUniversidad Nacional de San Antonio Abad del Cusco